| 000 | 00405nam a2200145Ia 4500 | ||
|---|---|---|---|
| 003 | IN-BaIIA | ||
| 005 | 20250707122054.0 | ||
| 008 | 211028s9999 xx 000 0 eng d | ||
| 040 | _cIIA Library | ||
| 080 |
_a03:5 _bVAN |
||
| 245 | 0 |
_aVan nostrands scientific encyclopeia _cedited by Douglas M. Considine |
|
| 260 |
_aPrienston _bD. Van Nostrand _c1958 |
||
| 650 |
_aEncyclopedia _91112 |
||
| 942 |
_cBK _2udc |
||
| 999 |
_c1711 _d1711 |
||